[Event "Maia op"]
[Site "Maia"]
[Date "2024.08.29"]
[Round "7"]
[White "Krasenkow, Michal"]
[Black "Simoes, Miguel Patricio"]
[Result "1-0"]
[WhiteElo "2512"]
[BlackElo "2111"]
[PlyCount "109"]
[EventDate "2024.08.23"]
[EventType "swiss"]
[EventRounds "9"]
[EventCountry "POR"]
[SourceTitle "CBM 221 Extra"]
[Source "ChessBase"]
[SourceDate "2024.09.30"]
[SourceVersion "1"]
[SourceVersionDate "2024.09.30"]
[SourceQuality "1"]

1. d4 Nf6 2. Nf3 e6 3. g3 b6 4. Bg2 Bb7 5. c4 Bb4+ 6. Bd2 Bxd2+ 7. Qxd2 0-0 8. Nc3 Ne4 9. Qd3 Nxc3 10. Ng5 Ne4 11. Bxe4 Bxe4 12. Qxe4 Qxg5 13. Qxa8 Nc6 14. Qb7 Nxd4 15. Rd1 Qe5 16. e3 Nc2+ 17. Ke2 Qxb2 18. Rd2 d5 19. cxd5 Qb5+ 20. Kf3 Nb4 21. Qxc7 Nxd5 22. Qe5 Qc6 23. e4 Nf6 24. Rhd1 h6 25. g4 Kh7 26. h4 Rc8 27. g5 hxg5 28. hxg5 Nh5 29. Kg4 Qe8 30. Rh1 g6 31. Kf3 Rc5 32. Qf6 Rc8 33. Qe5 Rc5 34. Rd5 Rc8 35. Rd6 Rc5 36. Qd4 e5 37. Qd2 Qc8 38. Rd7 Rc3+ 39. Kg2 Qc4 40. Rxf7+ Kg8 41. Rf3 Rxf3 42. Kxf3 Qf7+ 43. Kg4 Qe6+ 44. Kh4 Nf4 45. Qd8+ Kg7 46. Qc7+ Kf8 47. Qb8+ Ke7 48. Qxa7+ Ke8 49. Qb8+ Ke7 50. Qc7+ Ke8 51. a4 Kf8 52. Qd8+ Kf7 53. Qf6+ Qxf6 54. gxf6 Kxf6 55. Rb1 1-0

[Event "Maia op"]
[Site "Maia"]
[Date "2024.08.28"]
[Round "6"]
[White "Rodriguez Ferreiros, Andres"]
[Black "Krasenkow, Michal"]
[Result "1/2-1/2"]
[WhiteElo "2085"]
[BlackElo "2512"]
[PlyCount "96"]
[EventDate "2024.08.23"]
[EventType "swiss"]
[EventRounds "9"]
[EventCountry "POR"]
[SourceTitle "CBM 221 Extra"]
[Source "ChessBase"]
[SourceDate "2024.09.30"]
[SourceVersion "1"]
[SourceVersionDate "2024.09.30"]
[SourceQuality "1"]

1. e4 g6 2. d4 Bg7 3. Nc3 d6 4. Be3 Nf6 5. Qd2 a6 6. Bh6 Bxh6 7. Qxh6 e5 8. Nf3 exd4 9. Nxd4 Ng4 10. Qg7 Qf6 11. Qxf6 Nxf6 12. 0-0-0 0-0 13. f3 b5 14. g4 Bb7 15. a4 b4 16. Nb1 Nbd7 17. Nb3 a5 18. N1d2 Bc6 19. Nd4 Bxa4 20. b3 c5 21. bxa4 cxd4 22. Nc4 Nc5 23. Rxd4 Ne8 24. Nb2 b3 25. Bb5 Nc7 26. Bc4 bxc2 27. Rxd6 N7a6 28. Bxa6 Nxa6 29. Kxc2 Rfc8+ 30. Kb1 Rc3 31. Rd3 Rac8 32. Rhd1 Nb4 33. Rxc3 Rxc3 34. f4 Kg7 35. e5 Rf3 36. Rd4 h5 37. gxh5 gxh5 38. Nc4 Rb3+ 39. Kc1 Nc6 40. Re4 Rh3 41. f5 Rxh2 42. e6 fxe6 43. fxe6 Kf8 44. Ne5 Nxe5 45. Rxe5 h4 46. Rxa5 h3 47. Rh5 Ra2 48. Rxh3 Rxa4 1/2-1/2

[Event "Warsaw Najdorf Memorial op-A"]
[Site "Warsaw"]
[Date "2024.07.16"]
[Round "8"]
[White "Krasenkow, Michal"]
[Black "Mis, Mieszko"]
[Result "1/2-1/2"]
[WhiteElo "2520"]
[BlackElo "2351"]
[PlyCount "37"]
[EventDate "2024.07.09"]
[EventType "swiss"]
[EventRounds "9"]
[EventCountry "POL"]
[SourceTitle "EXT 2025"]
[Source "ChessBase"]
[SourceDate "2024.10.14"]
[SourceVersion "1"]
[SourceVersionDate "2024.10.14"]
[SourceQuality "1"]

1. Nf3 d5 2. d4 Nf6 3. c4 e6 4. e3 Be7 5. Nc3 0-0 6. a3 b6 7. cxd5 exd5 8. b4 Bb7 9. Bd3 Nbd7 10. 0-0 c5 11. bxc5 bxc5 12. Rb1 Rb8 13. Ne5 cxd4 14. exd4 Nxe5 15. dxe5 Ne4 16. Qc2 Qa5 17. Nxe4 dxe4 18. Bxe4 Bxe4 19. Qxe4 1/2-1/2

[Event "Warsaw Najdorf Memorial op-A"]
[Site "Warsaw"]
[Date "2024.07.14"]
[Round "6"]
[White "Krasenkow, Michal"]
[Black "Dahale, Atul"]
[Result "1-0"]
[WhiteElo "2520"]
[BlackElo "2169"]
[PlyCount "51"]
[EventDate "2024.07.09"]
[EventType "swiss"]
[EventRounds "9"]
[EventCountry "POL"]
[SourceTitle "EXT 2025"]
[Source "ChessBase"]
[SourceDate "2024.10.14"]
[SourceVersion "1"]
[SourceVersionDate "2024.10.14"]
[SourceQuality "1"]

1. d4 Nf6 2. c4 g6 3. Nc3 Bg7 4. e4 d6 5. Nf3 0-0 6. Be2 Nbd7 7. 0-0 e5 8. Qc2 exd4 9. Nxd4 Re8 10. Rd1 Nc5 11. f3 a5 12. Ndb5 Qe7 13. Bg5 Be6 14. f4 Na6 15. f5 Bd7 16. Nd5 Qe5 17. Bf4 Nb4 18. Bxe5 Nxc2 19. Nxf6+ Bxf6 20. Bxf6 Bxb5 21. Rac1 Ne3 22. cxb5 Nxd1 23. Bxd1 gxf5 24. Rxc7 Rac8 25. b6 fxe4 26. Bh5 1-0